00528nam a22001577a 450000500170000001000150001702000260003203500130005803700130007108200080008410000150009224500900010726000550019727000790025230000390033120130819114230.0 aENG-107852 a9789380831190c235.00 aEN-91385 bDBAD/PUB a540 aSuguna, M. aA text book of university chemistry-I :cby M. SugunabB.Sc (chemistry) / paper - I / aHyderabadbStudentshelpline Publishing Housec2012 a326/C, Surneni Nilayam, near B K Guda Park, S.R. Nagar,bHyderabade500038 avarious pagings :c22cm(pbk)bill.